[Event "Chess.com Classic Winners"]
[Site "Chess.com INT"]
[Date "2025.05.20"]
[Round "1.4"]
[White "Lazavik, Denis"]
[Black "Abdusattorov, Nodirbek"]
[Result "0-1"]
[WhiteElo "2577"]
[BlackElo "2771"]
[PlyCount "126"]
[EventDate "2025.05.20"]
[EventType "k.o. (blitz)"]
[EventRounds "5"]
[EventCountry "USA"]
[SourceTitle "CB21_2025"]
[SourceDate "2025.05.21"]
[SourceVersion "1"]
[SourceVersionDate "2025.05.21"]
[SourceQuality "1"]

1. c4 e6 2. Nf3 d5 3. cxd5 exd5 4. g3 Nf6 5. Bg2 c5 6. 0-0 Nc6 7. d4 Be7 8. dxc5 Bxc5 9. a3 0-0 10. b4 Be7 11. Bb2 Bg4 12. Nc3 Re8 13. Rc1 a6 14. h3 Bh5 15. e3 Rc8 16. Ne2 Bg6 17. Qb3 Qb6 18. Nf4 Be4 19. Bxf6 Bxf6 20. Nxd5 Bxd5 21. Qxd5 Qb5 22. Qb3 Rcd8 23. Rfd1 a5 24. Rc5 Qb6 25. Rb1 axb4 26. axb4 Rd6 27. Qc2 h6 28. b5 Ne7 29. Nh2 Red8 30. Ng4 R6d7 31. Rc1 Ng6 32. Qf5 Bb2 33. R1c2 Ne7 34. Qf3 Ba3 35. Rh5 Qg6 36. Rhc5 Bxc5 37. Rxc5 Qd6 38. Rc1 Rc7 39. Rf1 b6 40. Qe4 Rdc8 41. Nh2 Rc1 42. Nf3 Rxf1+ 43. Bxf1 Qd5 44. Qxd5 Nxd5 45. Nd4 Kf8 46. Kg2 Rc5 47. Kf3 g6 48. g4 Ke7 49. Be2 Nc3 50. Bd3 h5 51. Kg3 hxg4 52. hxg4 Kd6 53. Kf3 Nd5 54. Be4 Nc7 55. Bc6 Ne6 56. Ne2 Nd8 57. Be4 Rxb5 58. Nd4 Ra5 59. Nb3 Ra2 60. Nd4 Ne6 61. Nb5+ Kc5 62. Bd3 Rd2 63. Bf1 Ng5+ 0-1

[Event "Bucharest Superbet Classic 5th"]
[Site "Bucharest"]
[Date "2025.05.15"]
[Round "8"]
[White "Firouzja, Alireza"]
[Black "Abdusattorov, Nodirbek"]
[Result "1/2-1/2"]
[WhiteElo "2757"]
[BlackElo "2771"]
[PlyCount "126"]
[EventDate "2025.05.07"]
[EventType "tourn"]
[EventRounds "9"]
[EventCountry "ROU"]
[EventCategory "20"]
[SourceTitle "CB21_2025"]
[SourceDate "2025.05.21"]
[SourceVersion "1"]
[SourceVersionDate "2025.05.21"]
[SourceQuality "1"]

1. e4 c5 2. Nf3 g6 3. d4 cxd4 4. Nxd4 Nc6 5. c4 Bg7 6. Be3 Qb6 7. Nb3 Qd8 8. Nd4 Qb6 9. Nb5 Qa5+ 10. N5c3 d6 11. Be2 Nh6 12. Nd2 f5 13. Nb3 Qd8 14. Qd2 Ng4 15. Bxg4 fxg4 16. Bh6 0-0 17. Bxg7 Kxg7 18. Nd5 Ne5 19. Qc3 b6 20. Nd4 e6 21. Ne3 Qf6 22. 0-0-0 Ba6 23. a4 Kg8 24. b3 Bb7 25. Nb5 Bxe4 26. Nxd6 Bd3 27. Rd2 Rad8 28. Nb5 a6 29. Na3 Be4 30. Rhd1 Rc8 31. Kb2 Rc7 32. Ka2 Bc6 33. Qd4 Rb7 34. Nac2 h5 35. Nb4 a5 36. Nxc6 Nxc6 37. Qe4 Nb4+ 38. Ka3 Rbf7 39. Nc2 Na6 40. Qe3 Nc5 41. Ne1 Qe7 42. Ka2 Qh4 43. f4 gxf3 44. Nxf3 Qf4 45. Re1 Qxe3 46. Rxe3 Rf5 47. h4 Rf4 48. Ka3 Rb8 49. Rd6 Rg4 50. Re2 Kg7 51. Rc6 Rb7 52. b4 axb4+ 53. Kxb4 Na6+ 54. Kc3 Nc5 55. a5 Kh6 56. Ne5 Rg3+ 57. Kc2 Ra7 58. axb6 Ra2+ 59. Kd1 Ra1+ 60. Kc2 Ra2+ 61. Kd1 Ra1+ 62. Kc2 Ra2+ 63. Kd1 Ra1+ 1/2-1/2